00759nam a2200205 a 450000100080000000500110000800800410001910000150006024502520007526000980032765000100042565300130043565300080044865300110045670000220046770000190048970000160050870000150052470000140053913647222013-04-11 2008 bl uuuu u00u1 u #d1 aNOZAKI, C. aSerological profile of rams experimentally inoculated with brucella ovis in the different phases of the Illnessb1 correlation with clinical signals 2 evaluation of agar gel immunodifusion test and serum neutralization test.h[electronic resource] aIn: JUBILEE WORLD BUIATRICS CONGRESS, 25., 2008, Budapest. Abstracts... Budapest: LAPJAc2008 aOvino aAbstract aRam aresumo1 aAUGUSTO FILHO, O.1 aAZEVEDO, H. C.1 aRODELLO, L.1 aBICUDO, S.1 aMEGID, J.